La Violencia del medio: la situación de Guatemala /
Tallennettuna:
| Päätekijä: | |
|---|---|
| Aineistotyyppi: | Teksti |
| Aiheet: | |
| Tagit: |
Lisää tagi
Ei tageja, Lisää ensimmäinen tagi!
|
MARC
| LEADER | 00000 a a2200000 04500 | ||
|---|---|---|---|
| 001 | 5012 | ||
| 003 | |||
| 040 | |||
| 100 | |a Noack, Claudia | ||
| 245 | |a La Violencia del medio: |b la situación de Guatemala / |c Claudia Noack | ||
| 650 | |a VIOLENCIA | ||
| 650 | |a PERIODISMO | ||
| 650 | |a MEDIOS DE COMUNICACION | ||
| 650 | |a MEDIOS DE COMUNICACION DE MASAS | ||
| 650 | |a PRENSA | ||
| 650 | |a PERIODISTAS | ||
| 650 | |a NOTICIAS DE PRENSA | ||
| 773 | |g número 42; páginas 2-5 | ||
| 999 | |c 27954 |d 27954 | ||
